Bezpečná technika, bezpečné pracoviská : atribúty prosperujúcej spoločnosti /

Gespeichert in:
Bibliographische Detailangaben
1. Verfasser: Sinay, Juraj 1949- (VerfasserIn)
Format: Buch
Sprache:Slowakisch
Veröffentlicht: Košice : Technická univerzita v Košiciach, 2011
Ausgabe:[1. vyd.]
Schlagworte:
ISBN:9788055307503
Online-Zugang: Volltext
Tags: Tag hinzufügen
Keine Tags, Fügen Sie den ersten Tag hinzu!

MARC

LEADER 00000nam a2200000 4500
003 SK-BrCVT
005 20220925155557.0
006 abdo e 000 0
008 120118s2011####xo bdo e 000 0slo#d
020 |a 9788055307503   |q (viaz.)  |c 11,00 
035 |a CVTIDW0010714 
040 |a UKB  |b slo  |c UKB  |e AACR2  |d CVTI SR 
041 0 |a slo 
044 |a xo  |c SK 
080 |a 62-1/-9:331.45  |2 2008 
080 |a 331.45  |2 2008 
080 |a 614.8  |2 2008 
080 |a 005.334:005.332.3  |2 2008 
100 1 |a Sinay, Juraj  |d 1949-,  |4 aut 
245 1 0 |a Bezpečná technika, bezpečné pracoviská :  |b atribúty prosperujúcej spoločnosti /  |c Juraj Sinay 
250 |a [1. vyd.] 
260 |a Košice :  |b Technická univerzita v Košiciach,  |c 2011 
300 |a 264 s. :  |b fotogr., grafy, lit., mapy, obr., tab. ;  |c 25 cm 
500 |a Strojnícka fakulta 
653 1 |a bezpečnosť strojov 
653 1 |a bezpečnosť a ochrana zdravia pri práci 
653 1 |a manažérstvo rizika 
653 1 |a riadenie firmy 
653 1 |a vzdelávanie pracovníkov 
655 7 |a odborné publikácie  |2 SNKPH 
852 |a CVTISR  |b 1 
910 |b A615117  |b A615118 
919 |a 978-80-553-0750-3 
959 |a 20 
974 |a katarina.repata  |f Knihy 
992 |a AMG 
999 |c 180395  |d 180395